000
00291nam a22001337a 4500
008
181023b xxu||||| |||| 00| 0 eng d
020
_a
9780205126675
041
_a
eng
080
_a
370
100
_a
49
101
_a
EDU
245
_a
The Longwood Reader
_c
Dornan.E.A
942
_2
udc
_c
BK
999
_c
50668
_d
50668